Normal view
MARC view
- Capezio, Peter
Entry Personal Name
001 - CONTROL NUMBER
- control field: 110231
003 - CONTROL NUMBER IDENTIFIER
- control field: NUST
005 - DATE AND TIME OF LATEST TRANSACTION
- control field: 20230314102924.0
008 - FIXED-LENGTH DATA ELEMENTS
- fixed length control field: 230314|| aca||aabn | a|a d
040 ## - CATALOGING SOURCE
- Original cataloging agency: NUST
- Transcribing agency: NUST
100 ## - HEADING--PERSONAL NAME
- Personal name: Capezio, Peter
670 ## - SOURCE DATA FOUND
- Source citation: Work cat.: (NUST): Capezio, Peter , Taking the Mystery Out of TQM:, 1993.
